000 00314nam a22001337a 4500
008 171025b xxu||||| |||| 00| 0 eng d
020 _a0256015724
041 _aeng
080 _a311
100 _a55
101 _aSTA
245 _aSTATISTICAL TECHNIQUES IN BUSINESS AND ECONOMICS
_cMASON,R.D
942 _2udc
_cBK
999 _c35968
_d35968